L'erotismo /
Uloženo v:
| Hlavní autor: | |
|---|---|
| Další autoři: | , |
| Médium: | Kniha |
| Jazyk: | italština |
| Vydáno: |
[Milano] :
Mondadori,
1969
|
| Edice: | Oscar ;
207 |
| Témata: | |
| Tagy: |
Žádné tagy, Buďte první, kdo vytvoří štítek k tomuto záznamu!
|
MARC
| LEADER | 00000nam a22000007i 4500 | ||
|---|---|---|---|
| 001 | IT\ICCU\SBL\0086605 | ||
| 003 | ItRI | ||
| 005 | 20260222003554.0 | ||
| 008 | 910930s1969 it |||||| ||||| |||||c | ||
| 015 | |2 IT |a 697978 | ||
| 040 | |b ita |c Arcigay Viterbo | ||
| 041 | 7 | |a ita |2 ISO-639-2 | |
| 082 | |a 301.41 |2 16 | ||
| 082 | |a 301.41 |2 17 | ||
| 100 | 1 | |a Bataille, Georges |0 IT\ICCU\CFIV\042141 |4 aut | |
| 240 | 1 | 2 | |a L'érotisme |9 Bataille, Georges |
| 245 | 1 | 2 | |a L'erotismo / |c Georges Bataille ; a cura di Paolo Caruso ; traduzione di Adriana dell'Orto. |
| 260 | |a [Milano] : |b Mondadori, |c 1969 | ||
| 300 | |a 287 p. ; |c 19 cm | ||
| 650 | 7 | |a Erotismo | |
| 700 | 1 | |a Dell'Orto, Adriana |0 IT\ICCU\CFIV\012215 |4 trl | |
| 700 | 1 | |a Caruso, Paolo, |d (1934- ) |0 IT\ICCU\RAVV\010680 |4 edt | |
| 752 | |a it |d Milano | ||
| 830 | 0 | |a Oscar ; |v 207 |0 IT\ICCU\CFI\0000102 | |
| 942 | |2 ddc |c BK |n 0 | ||
| 952 | |0 0 |1 0 |2 ddc |4 0 |6 301_410000000000000_BAT_ERO |7 0 |9 9821 |a VT |b VT |d 2025-10-21 |e Dono della Biblioteca Consorziale di Viterbo |i B360 |l 0 |o 301.41 BAT ERO |p B360 |r 2025-10-21 20:10:19 |w 2025-10-21 |y BK |z Dono della Biblioteca Consorziale di Viterbo | ||
| 952 | |0 0 |1 0 |4 0 |6 DOC_306_700000000000000_BAT |7 0 |9 23390 |a BO |b BO |d 2026-01-15 |i 4405 |l 0 |o DOC 306.7 BAT |p BO4405 |r 2026-01-15 23:22:55 |w 2026-01-15 |x [Sebina 5] [1 v.] |y BK |z 1 v. | ||
| 999 | |c 8186 |d 8186 | ||